| 000 | 00364 a2200145 4500 | ||
|---|---|---|---|
| 005 | 20250620121324.0 | ||
| 020 | _a978-0-07-352514-3 | ||
| 082 | _a658.7 BEN | ||
| 100 | _aBENTON, W.C | ||
| 245 | _aPurchasing and Supply Management | ||
| 250 | _a2nd Ed. | ||
| 260 |
_aBoston _bMcGraw-Hill Irwin, _c2007 |
||
| 300 |
_axxi,472.; figures _bIndex _c26cm |
||
| 942 |
_2ddc _cBKS |
||
| 999 |
_c4525 _d4525 |
||